Países com a maior porcentagem da população em situação de pobreza - Statistics

Estatísticas Gerais
  • Esse quiz foi jogado 113 vezes
    74 desde o último reset
  • A pontuação média é 29 de 40
Estatísticas das Respostas
# PAÍSES (%) População % Correto
17 Moçambique 91,77
95%
22 Angola 89,13
93%
15 Niger 91,89
93%
36 Sudão 80,69
93%
13 Nigéria 92,04
90%
1 Sudão do Sul 98,44
90%
6 República Democrática do Congo 96,78
88%
14 República do Congo 91,94
88%
30 Etiópia 85,67
86%
29 Guiné 85,70
83%
2 Burundi 98,02
81%
9 República Centro Africana 94,26
81%
3 Somália 97,87
81%
26 Chade 88,00
79%
19 Ruanda 90,04
79%
27 Zâmbia 87,95
79%
11 Guiné Bissau 92,21
76%
10 Mali 93,29
76%
35 Senegal 81,86
76%
23 Uganda 89,00
76%
32 Quênia 83,81
74%
4 Malawi 97,10
72%
18 Tanzânia 91,40
72%
25 Togo 88,31
72%
12 Serra Leoa 92,08
71%
21 Benim 89,54
69%
24 Síria 88,68
69%
20 Burkina Faso 89,96
67%
5 Madagascar 97,09
67%
31 Venezuela 85,50
67%
8 Libéria 94,46
66%
28 São Tomé e Príncipe 86,18
66%
7 Iêmen 94,55
64%
40 Bangladesh 76,01
62%
16 Timor Leste 91,80
60%
39 Costa do Marfim 76,90
59%
37 Paquistão 80,30
48%
38 Papua Nova Guiné 77,57
40%
33 Ilhas Salomão 83,38
22%
34 Zimbabwe 82,80
9%
Nenhum quiz correspondente encontrado
Distribuição das Pontuações
Porcentagem de Pessoas com Cada Pontuação
Percentil de Números Respondidos
Sua Pontuação Histórica
Você não jogou esse quiz desde o último reset